Name a Valid Catholic Diocese - Statistics

General Stats
  • This quiz has been taken 117 times
  • The average score is 8 of 12
Answer Stats
Name a Diocese ... Answer % Correct
that serves the New York metropolitan area. Brooklyn, Rockville Centre, New York, Newark, Paterson, Bridgeport, Metuchen
90%
that is in New Zealand. Wellington, Auckland, Palmerston North, Christchurch, Hamilton, Dunedin
90%
that serves over 4 million catholics. Mexico (City), Guadalajara, Sao Paulo, Netzahualcoyotl, Monterrey, ...
88%
that is an Archdiocese and is in South Africa. Bloemfontein, Cape Town, Durban, Johannesburg, Pretoria
81%
that is in France and borders the Mediterranean Sea. Perpignan, Carcassonne, Montpellier, Nimes, Aix, Marseille, Frejus-Toulon, Nice, Ajaccio
79%
that is in Austria (besides Vienna). Salzburg, Feldkirch, Graz-Seckau, Gurk, Innsbruck, Eisenstadt, Linz, Sankt Polten
74%
that is in the Archdiocese of San Francisco (besides San Francisco). Honolulu, Las Vegas, Oakland, Reno, Sacramento, Salt Lake City, San Jose, Santa Rosa, Stockton
68%
that serves the London metropolitan area. Arundel & Brighton, Brentwood, Northampton, Portsmouth, Southwark, Westminster
63%
that starts with a Q. Quebec, Quito, Qingdao, Queenstown, Quimper, Quixada, Quiche, ...
62%
whose bishop has been president of the USCCB during the 21st Century. Galveston-Houston, Belleville, Spokane, Chicago, New York, Louisville, Los Angeles
51%
that serves an entire country (with population >5M). Arabia, Nepal, Tunis, Stockholm, Mogadiscio, Copenhagen, Helsinki, Chisinau, Singapore
49%
that is a suburbicarian see. Ostia, Velletri-Segni, Porto-Santa Rufina, Frascati, Palestrina, Albano, Sabina-Poggio Mirteto
15%
No matching quizzes found
Score Distribution
Percent of People with Each Score
Percentile by Number Answered
Your Score History
You have not taken this quiz